000 00588nam a22001817a 4500
003 OSt
005 20251120131141.0
008 251120b |||||||| |||| 00| 0 eng d
020 _a962-593-356-5
040 _aDWC-Main lib
_cOC
082 _aCirc. 641.5 B487s 1992
245 _aStep-by-step indonesian cooking
260 _aSingapore :
_bPeriplus,
_cc1992
300 _a64 pages :
_bcolored illustration :
_c20 cm.
504 _aIncludes index
700 _aPrice, Jane
942 _2ddc
_cBK-CIRC
_ePeriplus edition
_hCirrc. 641.5 B487s 1992
_kCirc.
_n0
999 _c5875
_d5875